00202nam a2200073Ia 4500008004100000082001500041100002200056245005000078240331s9999 xx 000 0 und d a303.6bBAL aBalasuriya, Tissa 0aCatastrophe July 83 :bcan Sri Lanka Survive?